| 000 | 00611nam a22001697a 4500 | ||
|---|---|---|---|
| 005 | 20251108165952.0 | ||
| 008 | 250721s1994 xx 000 0 ara d | ||
| 082 | 1 | 4 | _aق/محم |
| 100 | 1 | _aالمسند، محمد بن عبد العزيز | |
| 245 | 1 | 0 |
_aالعائدون إلى الله : _bمجموعه من قصص التائبين من علماء و دعاة و مشاهير يرونها بأنفسهم / |
| 264 | 1 |
_aالقاهره : _bمكتبة السنه، _c1994. |
|
| 300 | _a240ص | ||
| 650 | 1 | 7 | _aالأدب العربي |
| 650 | 1 | 7 | _aالأدب القصصي |
| 942 |
_2ddc _cBK |
||
| 999 |
_c36206 _d36206 |
||